000
00245nam a2200097Ia 4500
005
20251222114408.0
008
251222s1900||||xx |||||||||||||| ||spa||
082
_a
DVD0070/T48/2008
245
0
_a
PetrĂ³leo sangriento:There will be blood
942
_c
DVD
999
_c
1920
_d
1920